000 01335nam a22002897a 4500
003 OSt
005 20250905131328.0
008 240821b ||||| |||| 00| 0 eng d
040 _c0
082 _aDPer 361.05 J826 January-April 2020 v. 67 n. 1-3
100 _aBarber, Jacques P.
_eauthor.
_958700
245 _aProcesses of therapeutic change :
_bresults from the Cornell-Penn study of psychotherapies for panic disorder /
_cJacques P. Barber, Barbara Milrod, Robert Gallop, Nili Solomonov, Marie G. Rudden, Kevin S. McCarthy, and Dianne L. Chambless.
260 _aWashington ;
_bAmerican Psychological Association ,
_cMarch 2020.
300 _aVolume 67, pages 222-231 :
_billustration ;
_c28 cm.
500 _aJournal of Counseling Psychology, vol. 67, no. 2, pages 222-231, March 2020.
650 0 _aPanic disorder diagnosis psychology therapy.
_965358
650 0 _aCognitive behavioral therapy methods trends.
_965359
650 0 _aYoung adult.
_965320
700 _aBarber, Jacques P.
_eauthor.
_958700
700 _aMilrod, Barbara.
_eauthor.
_958701
700 _aGallop, Robert.
_eauthor.
_958702
700 _aSolomonov, Nili.
_eauthor.
_958703
700 _aRudden, Marie G.
_eauthor.
_958704
700 _aMcCarthy, Kevin S.
_eauthor.
_958705
700 _aChambless, Dianne L.
_eauthor.
_958706
942 _2ddc
_cPER
999 _c20781
_d20781